Alle Pokémon anhand von Bildern erkennen - Johto - Statistiken

Allgemein
  • Dieses Quiz wurde 76 mal gespielt
    69 seit der letzten Aktualisierung
  • Das Durchschnittsergebnis liegt bei 81 aus 100
Antwortstatistiken
Bildquiz Antwort % Korrekt
Woingenau
98%
Ho-Oh
95%
Mogelbaum
95%
Stahlos
95%
Togepi
95%
Endivie
93%
Feurigel
93%
Griffel
93%
Hoothoot
93%
Hundemon
93%
Karnimani
93%
Nachtara
93%
Pichu
93%
Psiana
93%
Hunduster
91%
Lugia
91%
Marill
91%
Sonnkern
91%
Tannza
91%
Elekid
88%
Miltank
88%
Scherox
88%
Snubbull
88%
Teddiursa
88%
Azumarill
86%
Girafarig
86%
Iksbat
86%
Kramurx
86%
Lorblatt
86%
Porygon2
86%
Sonnflora
86%
Togetic
86%
Voltilamm
86%
Celebi
84%
Dummisel
84%
Felino
84%
Heiteira
84%
Icognito
84%
Lampi
84%
Laschoking
84%
Meganie
84%
Noctuh
84%
Skaraborn
84%
Ursaring
84%
Webarak
84%
Wiesor
84%
Blubella
81%
Donphan
81%
Entei
81%
Hoppspross
81%
Igelavar
81%
Keifel
81%
Phanpy
81%
Pii
81%
Pottrott
81%
Seedraking
81%
Skorgla
81%
Tornupto
81%
Waaty
81%
Granbull
79%
Quiekel
79%
Suicune
79%
Yanma
79%
Impergator
77%
Kapoera
77%
Larvitar
77%
Ledyba
77%
Magby
77%
Morlord
77%
Natu
77%
Panzaeron
77%
Despotar
74%
Farbeagle
74%
Fluffeluff
74%
Kussilla
74%
Wiesenior
74%
Ampharos
72%
Corasonn
72%
Lanturn
72%
Ledian
72%
Octillery
72%
Pupitar
72%
Raikou
72%
Schneckmag
72%
Sniebel
72%
Tyracroc
72%
Xatu
72%
Botogel
70%
Damhirplex
70%
Quaxo
67%
Traunfugil
67%
Baldorfish
65%
Rabauz
65%
Mantax
63%
Ariados
60%
Forstellka
60%
Hubelupf
60%
Magcargo
60%
Remoraid
60%
Papungha
56%
Keine übereinstimmenden Quizze gefunden
Verteilung der Resultate
Anzahl Personen mit jedem Resultat
Perzentil nach korrekt beantworteten Fragen
Ihre Resultats-Entwicklung
Sie haben dieses Quiz seit der letzten Aktualisierung nicht gespielt